| 000 | 01140cam a2200337 i 4500 | ||
|---|---|---|---|
| 001 | 200454943 | ||
| 003 | TR-AnTOB | ||
| 005 | 20241227084451.0 | ||
| 007 | ta | ||
| 008 | 020130s2020 tu do 000 0 tur d | ||
| 020 | _a9786254436567 | ||
| 040 |
_aTR-AnTOB _beng _erda _cTR-AnTOB |
||
| 041 | 0 | _atur | |
| 050 | 4 |
_aPL248.O44 _bZ5 2020 |
|
| 090 |
_aPL248.O44 _bZ5 2020 |
||
| 245 | 0 | 0 |
_aVefatının 100. yılında Ömer Seyfettin / _ceditör Doç. Dr. Bahtiyar Aslan. |
| 246 | 2 | 0 | _aVefatının yüzüncü yılında Ömer Seyfettin. |
| 250 | _a1. Baskı, Aralık 2020 | ||
| 264 | 1 |
_aAnkara : _bBandırma Onyedi Eylül Üniversitesi Yayınları, _c2020. |
|
| 300 |
_a327 pages : _btables, photographs ; _c25 cm |
||
| 336 |
_atext _btxt _2rdacontent |
||
| 337 |
_aunmediated _bn _2rdamedia |
||
| 338 |
_avolume _bnc _2rdacarrier |
||
| 490 | 0 |
_aBandırma Onyedi Eylül Üniversitesi Yayınları ; _v01 |
|
| 504 | _aBIB | ||
| 600 | 0 | 0 |
_aÖmer Seyfeddin, _d1884-1920 _916964 |
| 600 | 0 | 0 |
_aÖmer Seyfeddin, _d1884-1920 _xEleştiri ve yorum _940614 |
| 700 | 1 |
_aAslan, Bahtiyar _eeditor _985313 |
|
| 942 |
_2lcc _cBK |
||
| 999 |
_c200454943 _d73155 |
||